Cesta k vnitřnímu a vnějšímu bohatství vaše myšlení utváří váš život
| Main Author: | |
|---|---|
| Other Authors: | |
| Format: | Book |
| Language: | Czech German English |
| PhysicalDescription: | 196 s. 21 cm |
| Published: |
Bratislava
Aktuell
2005
|
| ISBN: | 8089153216 |
| Edition: | [1. vyd.] |
| Subjects: |
MARC
| LEADER | 00000nam a2200000 a 4500 | ||
|---|---|---|---|
| 001 | vtls008421567 | ||
| 003 | SK-MaSNL | ||
| 005 | 20260302004303.0 | ||
| 008 | 240318s2005 xo g 000 0 cze | ||
| 015 | |a SNBA2006/02-01060 | ||
| 020 | |a 8089153216 |q (viaz.) | ||
| 035 | |a E7333C70-1A27-4B97-8DFD-FB2833138997 | ||
| 035 | |a urn:nbn:sk:snk-amje3j | ||
| 035 | |a urn:nbn:sk:snk-am000y52 | ||
| 040 | |a SNK |b slo |c SNK |e AACR2 | ||
| 041 | 1 | |a cze |h ger |h eng | |
| 044 | |a xo |c SK | ||
| 072 | 7 | |a 159.92 |x Vývinová psychológia. Individuálna psychológia |2 konspekt | |
| 080 | |a 27-277.2 |2 1997 | ||
| 080 | |a 17.024.4 |2 1997 | ||
| 080 | |a 159.923.5 |2 1997 | ||
| 080 | |a (0.062) |2 1997 | ||
| 080 | |a 612.821.7 |2 1997 | ||
| 100 | 1 | |a Murphy, Joseph, |d 1898-1981 |4 aut |9 120609 | |
| 240 | 1 | 4 | |a The miracle power for infinite riches |l Slovensky |
| 245 | 1 | 0 | |a Cesta k vnitřnímu a vnějšímu bohatství |b vaše myšlení utváří váš život |c Joseph Murphy; [překlad: Jana Grégrová] |
| 250 | |a [1. vyd.] | ||
| 260 | |a Bratislava |b Aktuell |c 2005 | ||
| 300 | |a 196 s. |c 21 cm | ||
| 650 | 0 | 7 | |a podvedomie |2 SNKPH |9 73370 |
| 650 | 0 | 7 | |a biblické citáty |2 SNKPH |9 1914 |
| 650 | 0 | 7 | |a pozitívne myslenie |2 SNKPH |9 4009 |
| 650 | 0 | 7 | |a sebavýchova |2 SNKPH |9 4290 |
| 655 | 7 | |a populárno-náučné publikácie |2 SNKPH |9 70460 | |
| 700 | 1 | |a Grégrová, Jana |4 trl |9 388732 | |
| 919 | |a 80-89153-21-6 | ||
| 968 | |a ČES |b DT |c ENG |d 1 | ||
| 999 | |c 995313 |d 997243 | ||
| 952 | |a SNK |b SNK |y PREZ |7 0 |p 17A0493680 |o snkSD 75291 |i snk2006/27 |8 0 |0 0 |1 0 |4 0 |d 2006-01-02 |l 0 |r 2025-11-24 00:00:00 |w 2026-02-24 | ||
| 952 | |a SNK |b SNK |y VYP |7 0 |p 17A0493681 |o snkSD 75291 D1 |i snk2006/28 |8 0 |0 0 |1 0 |4 0 |d 2006-01-02 |f 1 |l 0 |r 2017-06-30 00:00:00 |w 2026-02-24 | ||


